| 000 | 02391nam a22003377a 4500 | ||
|---|---|---|---|
| 999 |
_c21854 _d21854 |
||
| 003 | AR-CdUCM | ||
| 008 | 190425b ||||| |||| 00| 0 spa d | ||
| 040 |
_aMUNICIPALIDAD PROVINCIAL DEL CUSCO _cBIBLIOTECA MUNICIPAL DEL CUSCO |
||
| 082 | _aRev.Andi/N°41/2005 | ||
| 110 |
_aCentro Bartolomé de Las Casas _93293 |
||
| 245 |
_aRevista andina / _cCentro de estudios rurales andinos Bartolomé de Las Casas Cusco |
||
| 260 |
_aCusco : _bCentro Bartolomé de Las Casas, _c2005. |
||
| 300 |
_a261 páginas. : _c23 cm. |
||
| 440 |
_aPublicación Semestral del Centro Bartolomé de Las Casas Cusco. _nNúmero 41, Segundo semestre 2005. _946471 |
||
| 500 | _aLa adscripción étnica de los pueblos andinos de Chile | ||
| 505 | _aContenido: La adscripción étnica de los pueblos andinos de Chile analizada a través de las cifras censales de 1992 y 2002. Hans Gundermann. -- La representación del animu en los Andes del sur peruano. Palmira La Riva González. -- Una cuestión dentro de la cuestión: el nacionalismo y la cuestión indígena en el sur del Perú, 1900-1930. William E. Skuban. -- Devoción cristiana, uniones consagradas y elecciones materiales en la construcción de identidades indígenas urbanas. Charcas, 1550-1650. Ana María Presta. --En defensa del pacto tributario. Los indígenas bolivianos frente al proyecto liberal: S. XIX. Pilar Mendieta Parada. -- Cambio y continuidad en la arquitectura ceremonial ayacuchana de los Períodos Intermedio Temprano y Horizonte Medio. Juan B. Leoni. -- Interrelaciones entre invasores de tierras y propietarios en el Cuzco contemporáneo. Centro de Investigaciones Multidisciplinarias Ruasun. -- Machu Picchu un rompecabezas para armar. Mariana Mould de Pease. -- Algunas reflexiones en torno al estudio de las unidades domésticas en la arqueología Humahuaca Jujuy-Argentina. María Clara Rivolta. | ||
| 650 |
_aMachupicchu _91751 |
||
| 650 |
_aArquitectura ayacuchana _946472 |
||
| 650 |
_aNacionalismo _92901 |
||
| 650 |
_aPueblos andinos _946473 |
||
| 700 |
_aGundermann, Hans _946474 |
||
| 700 |
_aLa Riva González, Palmira _946475 |
||
| 700 |
_aSkuban, William _946476 |
||
| 700 |
_aPresta, Ana María _946477 |
||
| 700 |
_aMendieta Parada, Pilar _946478 |
||
| 700 |
_aLeoni, Juan _946479 |
||
| 700 |
_aMould de Pease, Mariana _97113 |
||
| 700 |
_aMaría Clara, Rivolta _946480 |
||
| 942 |
_2ddc _cPP |
||
| 945 | _arac | ||